Main issues in transport for developing countries during the third united nations development decade (Record no. 543202)
[ view plain ]
| 000 -LEADER | |
|---|---|
| fixed length control field | 00500nam a22001217a 4500 |
| 082 ## - DEWEY DECIMAL CLASSIFICATION NUMBER | |
| Classification number | 388-049 |
| Author Mark | MAI |
| 100 ## - MAIN ENTRY--PERSONAL NAME | |
| Personal name | United Nations |
| 9 (RLIN) | 20028 |
| 245 ## - TITLE STATEMENT | |
| Title | Main issues in transport for developing countries during the third united nations development decade |
| Remainder of title | Main issues in transport for developing countries during the third united nations development decade |
| 260 ## - PUBLICATION, DISTRIBUTION, ETC. | |
| Place of publication, distribution, etc. | united nations |
| Name of publisher, distributor, etc. | The world Bank Washington, D.C |
| Date of publication, distribution, etc. | 1981-1990 |
| 300 ## - PHYSICAL DESCRIPTION | |
| Other physical details | ill. ; |
| 526 ## - STUDY PROGRAM INFORMATION NOTE | |
| Program name | 0 |
| Interest level | 0 |
| Reading level | 0 |
| Title point value | 388049_MAI |
| 942 ## - ADDED ENTRY ELEMENTS (KOHA) | |
| Source of classification or shelving scheme | |
| Koha item type | Book |
| Withdrawn status | Lost status | Source of classification or shelving scheme | Damaged status | Not for loan | Permanent Location | Current Location | Date acquired | Total Checkouts | Full call number | Barcode | Date last seen | Price effective from | Koha item type |
|---|---|---|---|---|---|---|---|---|---|---|---|---|---|
| Military College of Engineering (MCE) | Military College of Engineering (MCE) | 03/17/2014 | 388-049 MAI | MCE-43260 | 03/17/2014 | 03/17/2014 | Book |
